<?xml version="1.0" encoding="UTF-8"?>
<collection xmlns="http://www.loc.gov/MARC21/slim">
 <record>
  <leader>01422nam a22002057a 4500</leader>
  <controlfield tag="001">NCT_135603</controlfield>
  <controlfield tag="008">220609b        xxu||||| |||| 00| 0 vie d</controlfield>
  <datafield tag="999" ind1=" " ind2=" ">
   <subfield code="c">7001</subfield>
   <subfield code="d">7001</subfield>
  </datafield>
  <datafield tag="020" ind1=" " ind2=" ">
   <subfield code="a">9786045938669</subfield>
   <subfield code="c">150000</subfield>
  </datafield>
  <datafield tag="082" ind1="4" ind2="0">
   <subfield code="2">23rd ed.</subfield>
   <subfield code="a">657</subfield>
   <subfield code="b">Ch250Đ/T.2</subfield>
  </datafield>
  <datafield tag="245" ind1="0" ind2="0">
   <subfield code="a">Chế độ kế toán doanh nghiệp</subfield>
   <subfield code="n">Tập 2</subfield>
   <subfield code="p">Báo cáo tài chính chứng từ và sổ kế toán :</subfield>
   <subfield code="b">Ban hành theo thông tư số 200/2014/TT-BTC và thông tư số 202/TT-BTC ngày 22/12/2014 của Bộ tài chính</subfield>
  </datafield>
  <datafield tag="260" ind1=" " ind2=" ">
   <subfield code="a">H.</subfield>
   <subfield code="b">Lao động</subfield>
   <subfield code="c">2015</subfield>
  </datafield>
  <datafield tag="300" ind1=" " ind2=" ">
   <subfield code="a">566 tr.</subfield>
   <subfield code="c">24cm</subfield>
  </datafield>
  <datafield tag="520" ind1="3" ind2=" ">
   <subfield code="a">Nội dung của quyển sách bao gồm danh mục, biểu mẫu, phương pháp lập cáo cáo tài chính, phương pháp ghi chép chứng từ kế toán, phương pháp ghi sổ kế toán, phương pháp lập và trình bày báo cáo tài chính hợp nhất.</subfield>
  </datafield>
  <datafield tag="653" ind1=" " ind2=" ">
   <subfield code="a">Kế toán</subfield>
  </datafield>
  <datafield tag="700" ind1=" " ind2=" ">
   <subfield code="a">Minh Ngọc</subfield>
   <subfield code="e">Tập hợp, biên soạn</subfield>
  </datafield>
  <datafield tag="942" ind1=" " ind2=" ">
   <subfield code="2">ddc</subfield>
   <subfield code="c">BK</subfield>
  </datafield>
  <datafield tag="952" ind1=" " ind2=" ">
   <subfield code="0">0</subfield>
   <subfield code="1">0</subfield>
   <subfield code="2">ddc</subfield>
   <subfield code="4">0</subfield>
   <subfield code="6">657_000000000000000_CH250Đ_T_2</subfield>
   <subfield code="7">0</subfield>
   <subfield code="9">24938</subfield>
   <subfield code="a">000001</subfield>
   <subfield code="b">000001</subfield>
   <subfield code="d">2022-06-09</subfield>
   <subfield code="o">657 Ch250Đ/T.2</subfield>
   <subfield code="p">MD.19585</subfield>
   <subfield code="r">2022-06-09</subfield>
   <subfield code="v">150000.00</subfield>
   <subfield code="w">2022-06-09</subfield>
   <subfield code="y">BK</subfield>
  </datafield>
  <datafield tag="952" ind1=" " ind2=" ">
   <subfield code="0">0</subfield>
   <subfield code="1">0</subfield>
   <subfield code="2">ddc</subfield>
   <subfield code="4">0</subfield>
   <subfield code="6">657_000000000000000_CH250Đ_T_2</subfield>
   <subfield code="7">0</subfield>
   <subfield code="9">24939</subfield>
   <subfield code="a">000001</subfield>
   <subfield code="b">000001</subfield>
   <subfield code="d">2022-06-09</subfield>
   <subfield code="o">657 Ch250Đ/T.2</subfield>
   <subfield code="p">MD.19586</subfield>
   <subfield code="r">2022-06-09</subfield>
   <subfield code="v">150000.00</subfield>
   <subfield code="w">2022-06-09</subfield>
   <subfield code="y">BK</subfield>
  </datafield>
  <datafield tag="980" ind1=" " ind2=" ">
   <subfield code="a">Thư viện Trường Đại học Nam Cần Thơ</subfield>
  </datafield>
 </record>
</collection>
